| 000 | 00539nam a2200193 u 4500 | ||
|---|---|---|---|
| 005 | 20220603063641.0 | ||
| 008 | 080311s2007 br r 000 0 spa d | ||
| 020 | _a9788524913020 | ||
| 035 | _aUPN01000154960 | ||
| 049 | _aI | ||
| 050 | 4 |
_aPZ74.9 _bJ6.2 |
|
| 100 | 1 | _aJosé, Elias | |
| 245 | 1 | 3 |
_aLa ciudad salva por los juguetes / _cElias José ; il. de Cláudia Ramos. |
| 260 |
_aSáo Paulo, Br. : _bCortez, _c2007. |
||
| 300 |
_a39 p. : _bil. col. |
||
| 440 | 0 | _aNavegar | |
| 650 | 4 |
_aCuentos infantiles _96744 |
|
| 905 | _aInfantil | ||
| 999 |
_c127076 _d127076 |
||